00517nam a22001697a 4500008004100000020001800041020001500059050002200074100002500096245009100121250001200212260002900224300003300253500002000286650002300306700001800329161003b xxu||||| |||| 00| 0 eng d a9780323039635 a0323039634 aRJ 245b.H63 2007 aHockenberry, Marilyn aWong's nursing care of infants and children/cMarilyn J. Hockenberry and David Wilson. a8th ed. aCanada :bMosby ;c2007. axxxii, 1960p. :bill. ;eCD. aIncludes index. aPediatric nursing. aWilson, David